|
|
|
|
| LEADER |
01014nam a2200265 a 4500 |
| 001 |
17278180 |
| 008 |
120515s2012 bg b 001 0 eng |
| 010 |
|
|
|a 2012335590
|
| 020 |
|
|
|a 9789849014034
|
| 040 |
|
|
|a DLC
|c DLC
|d DLC
|d BD-DhAAL
|
| 042 |
|
|
|a lcode
|
| 082 |
0 |
0 |
|a 305.42/01
|2 22
|
| 100 |
1 |
|
|a Khanum, Rashida A.
|
| 245 |
1 |
0 |
|a Contemporary gender issues /
|c Rashida A. Khanum.
|
| 250 |
|
|
|a 1st ed.
|
| 260 |
|
|
|a Dhaka :
|b A.H. Development Pub. House ;
|a Kolkata :
|b Distributor in India, Paragon Enterprise,
|c 2012.
|
| 300 |
|
|
|a vii, 102 p. ;
|c 22 cm.
|
| 504 |
|
|
|a Includes bibliographical references and index.
|
| 541 |
|
|
|e 00025221
|
| 650 |
|
0 |
|a Feminist theory.
|
| 650 |
|
0 |
|a Femininity (Philosophy)
|
| 650 |
|
0 |
|a Women's studies.
|
| 852 |
1 |
|
|a Ayesha Abed Library
|c General shelf.
|
| 999 |
|
|
|c 12174
|d 12174
|
| 952 |
|
|
|0 0
|1 0
|2 ddc
|4 0
|6 305_420100000000000_KHA
|7 0
|9 20205
|a IGS
|b IGS
|c GEN
|d 2012-05-16
|e A.H. Development Publishing House
|g 320.00
|l 1
|m 3
|o 305.4201 KHA
|p 3010025221
|r 2014-06-09
|s 2012-12-31
|t 1
|w 2012-05-16
|y BK
|